000
00354nam a2200169Ia 4500
100
_a
Christopher/E.M/ Smith
650
_a
Philosophy
942
_c
BK
366
_f
17.5
654
_a
leadership
245
_a
Leadership training
260
_b
Viva Books
_c
2009
082
_a
658.4092/CHR
_b
chr
300
_a
316
546
_a
ENGLISH
999
_c
25605
_d
25605